000 00650nam a2200133 a 4500
008 120416s1983 ||||||||||||||||| || u
050 _aHF 5635 Int
245 0 0 _aInternational accounting standards
260 _aLondon
_bThe Chartered Association of Certified A
_c1983
300 _a161 pages in various paginations : illustrations
350 _a0.00
995 _aBINDERY (DAMAGED)
_D0.00
_e708535
_FCBU-MAIN LIBRARY (Kitwe)
_H2
_I6.00
_jHF 5635 Int
_M1
_UDAMAGED
_y005739
_ZMain Library Open Access Collection
995 _aBINDERY (DAMAGED)
_D0.00
_e708536
_FCBU-MAIN LIBRARY (Kitwe)
_H1
_I6.00
_jHF 5635 Int
_M2
_UDAMAGED
_y005740
_ZMain Library Open Access Collection
999 _c77513
_d77513